| 000 | 01095nam a22002897a 4500 | ||
|---|---|---|---|
| 001 | 000413 | ||
| 003 | DO-SdBNP | ||
| 005 | 20180207110720.0 | ||
| 007 | 000413 | ||
| 008 | 160721b 1999 sp a ||||| |||| 00| 0 spa d | ||
| 020 | _a8431635177 | ||
| 040 |
_aBPMSU _bspa _cBPMSU |
||
| 092 |
_axxxxx _bxxxxx |
||
| 100 | 1 |
_aBaroja, Pío, _d1872-1956. |
|
| 245 | 1 | 0 |
_aZalacaín el aventurero : _bhistoria de las buenas andanzas y fortunas de Martín Zalacaín el aventurero / _cPío Baroja ; introducción notas y propuestas de trabajo Joan Estruch ; ilustración, Ricardo Baroja. |
| 250 | _a4ª reimp. | ||
| 260 |
_aBarcelona : _bVicens Vives, _c1999. |
||
| 300 |
_axxxviii, 201, 29 p. : _bil., retrs. ; _c20 cm. |
||
| 490 | 1 |
_aAula de literatura _v22 |
|
| 500 | _aIncluye referencias bibliográficas y notas al pie de las páginas. | ||
| 700 | 1 | 2 |
_aEstruch Tobella, Joan, _d1953- _eintrod. |
| 700 | 1 | 2 |
_aBaroja, Ricardo, _d1871-1953 _eil. |
| 830 | 0 |
_aAula de literatura ; _v22 |
|
| 942 |
_2ddc _cBK |
||
| 945 | _ainventariado, 2018 / dg | ||
| 956 |
_2LOPEREZ _310 _620160721 _8BPMSU _a00041 |
||
| 999 |
_c11000 _d11000 |
||